zpět

Detail výsledku týmu

Forrum, Brno

Datum a čas kvízu

23.5 Celkem bodů Celkový počet nahraných bodů na tomto kvízu bez doplňovacích otázek.
6. Pořadí na kvízu Konečné umístění týmu na tomto kvízu.

Zaznamenané odpovědi

# Otázka Odpověď Body Výsledky
1. Zdravotní pojišťovny zveřejnil... 1
2. Do prodejny mobilů přišla žena... 1
3. Mark Hamill se ve čtvrtek dočk... 1
4. Na letošním ženevském autosalo... 1
5. Petr Čech překonal v nedělním... 1
6. V tomto tématu si posvítíme na... 1
7. Které jsou nejrozšířenější jaz... 1
8. Největší jezera na světě co do... 1
9. Státy USA s největší rozlohou:... 0
10. Státy Evropské unie podle rozl... 0